000 00442nam a2200181Ia 4500
005 20240823060512.0
008 240823s9999||||xx |||||||||||||| ||und||
041 _aENGLISH
082 _A005.133 Q8
100 _aDT Editorial Services
245 0 _aJava Server Programming (J2EE 1.7) Black Book
250 _a1st
260 _c2018
_bDreamtech
500 _aYES
650 _aJAVA
_bComputer Science
942 _cBK
999 _c231282
_d231282